000 00542nam a2200169 4500
001 147973
003 ES-MaACL
007 t|
008 070214s1985 mx r ||||1| spa d
100 1 _aStevenson, WIlliam D.
_9108173
245 1 0 _aAnálisis de sistemas eléctricos de potencia /
_cWilliam D. Stevenson ; traducción, Jairo Osuna Suárez.
250 _a2ª ed.
260 _aMéxico [etc.] :
_bMcGraw-Hill,
_c1985.
300 _aXII, 383 p. ;
_c23 cm.
700 1 _aOsuna Suárez, Jairo.
_987846
852 _aES-MaACL
_jL-9482
_bR.111633
999 _c147973
_d147973